000 00628nam a2200205Ia 4500
003 IIN
005 20240102130701.0
008 231217s9999 xx 000 0 und d
020 _cRs.3590.00
_a9788131254196
040 _aIIN
_bEnglish
082 _a610.73677
_bBLA
100 1 _aBlack, Joyce M
245 1 _aBlack's Medical - Surgical Nursing
_bClinical Management for Positive Outcomes
_cJoyce M Black and Jane Hokanson Hawks
250 _a8th ed
260 _bElsevier
_aNew Delhi
_c2020
300 _alxxi, 1183-2245 p. / Vol.2
650 1 _aMedical Surgical
_vnursing
700 1 _aHawks, Jane Hokanson
942 _cBOOK
999 _c166
_d166